000 00532nmm a2200169Ia 4500
008 251105s9999||||xx |||||||||||||||||und||
020 _a9789587715606
041 _aspa
100 _aDwyer, Brian
245 0 _aEficiencia energética en la supply chain: economía circular en la práctica
264 _a[Bogotá, Colombia] :
_bEcoe Ediciones,
_c2017
300 _a336 páginas
490 _aCiencias empresariales
650 _aEconomics and Business
856 _uhttps://public.digitaliapublishing.com/a/66615
942 _cCF
999 _c96247
_d96247